Japan's postwar industry

Đã lưu trong:
书目详细资料
主要作者: Yoshio, Okuda
格式: 图书
语言:Undetermined
出版: Tokyo International Society for Educational Information 1976
主题:
标签: 添加标签
没有标签, 成为第一个标记此记录!
Thư viện lưu trữ: Trung tâm Học liệu Trường Đại học Cần Thơ
LEADER 00509nam a2200193Ia 4500
001 CTU_99676
008 210402s9999 xx 000 0 und d
082 |a 952 
082 |b O.41 
100 |a Yoshio, Okuda 
245 0 |a Japan's postwar industry 
245 0 |c Yoshio Okuda 
260 |a Tokyo 
260 |b International Society for Educational Information 
260 |c 1976 
650 |a Industries 
650 |z Japan 
904 |i Tuyến 
980 |a Trung tâm Học liệu Trường Đại học Cần Thơ